<?xml version="1.0" encoding="UTF-8"?>
<collection xmlns="http://www.loc.gov/MARC21/slim">
 <record>
  <leader>00663cam a2200181 7i4500</leader>
  <controlfield tag="001">0000026439</controlfield>
  <controlfield tag="005">20021016090000.0</controlfield>
  <datafield tag="020" ind1="#" ind2="0">
   <subfield code="a">0130332739 </subfield>
  </datafield>
  <datafield tag="090" ind1="0" ind2="0">
   <subfield code="a">TK 5105.59 </subfield>
   <subfield code="b">S628</subfield>
  </datafield>
  <datafield tag="100" ind1="1" ind2="#">
   <subfield code="a">Skoudis </subfield>
  </datafield>
  <datafield tag="245" ind1="1" ind2="0">
   <subfield code="a">Counter hack : </subfield>
   <subfield code="b">a step-by-step guide to computer attacks and effective defenses  </subfield>
   <subfield code="c">Ed Skoudis.</subfield>
  </datafield>
  <datafield tag="260" ind1="#" ind2="#">
   <subfield code="a">Upper Saddle River, N.J: </subfield>
   <subfield code="b">Prentice Hall PTR, </subfield>
   <subfield code="c">2002..</subfield>
  </datafield>
  <datafield tag="300" ind1="#" ind2="#">
   <subfield code="a">xxii, 564 p.: </subfield>
   <subfield code="b">ill.; </subfield>
   <subfield code="c">23 cm..</subfield>
  </datafield>
  <datafield tag="490" ind1="0" ind2="0">
   <subfield code="a">Prenticehall series in computer networking and distributed systems</subfield>
  </datafield>
  <datafield tag="504" ind1="0" ind2="0">
   <subfield code="a">Includes index</subfield>
  </datafield>
  <datafield tag="650" ind1="0" ind2="0">
   <subfield code="a">Computer networks -- </subfield>
   <subfield code="x">Security measures </subfield>
  </datafield>
  <datafield tag="650" ind1="0" ind2="0">
   <subfield code="a">Data protection </subfield>
  </datafield>
  <datafield tag="999" ind1=" " ind2=" ">
   <subfield code="a">1100009764</subfield>
   <subfield code="b">Book</subfield>
   <subfield code="c">Open Shelf</subfield>
   <subfield code="e">KOLEKSI TERBUKA</subfield>
  </datafield>
 </record>
</collection>
